[Event "Bogota Kallpa op"]
[Site "Bogota"]
[Date "2025.06.25"]
[Round "5"]
[White "Cardozo Munar, Carlos Eduardo"]
[Black "Lopez Ramirez, David Santiago"]
[Result "1/2-1/2"]
[WhiteElo "2052"]
[BlackElo "2175"]
[PlyCount "86"]
[EventDate "2025.06.25"]
[EventType "swiss"]
[EventRounds "6"]
[EventCountry "COL"]
[SourceTitle "CB27_2025"]
[SourceDate "2025.07.02"]
[SourceVersion "1"]
[SourceVersionDate "2025.07.02"]
[SourceQuality "1"]

1. e4 e5 2. Nf3 Nc6 3. d4 exd4 4. Bc4 Bb4+ 5. c3 dxc3 6. 0-0 Nf6 7. e5 d5 8. exf6 dxc4 9. Qe2+ Be6 10. bxc3 Bf8 11. Qb2 b6 12. Bg5 gxf6 13. Qb5 Qd5 14. Qxd5 Bxd5 15. Re1+ Be7 16. Bxf6 Rg8 17. Nbd2 Rg6 18. Bh4 Kf8 19. Rad1 Re8 20. Bg3 Bd6 21. Rxe8+ Kxe8 22. Nh4 Rf6 23. Ndf3 Bxg3 24. fxg3 Bxf3 25. Nxf3 Rf5 26. Re1+ Kd7 27. h4 h5 28. Re4 b5 29. g4 hxg4 30. Rxg4 Ke7 31. a4 a6 32. axb5 axb5 33. Re4+ Kf8 34. Kf2 Rd5 35. Rf4 Ne5 36. Rd4 Nd3+ 37. Ke3 Rc5 38. Rd8+ Ke7 39. Rb8 Kd6 40. Rd8+ Ke7 41. Rb8 Kd6 42. Ke4 Kc6 43. Rd8 Kb7 1/2-1/2

[Event "Titled Tuesday intern op 11th Mar Early"]
[Site "Chess.com INT"]
[Date "2025.03.11"]
[Round "10"]
[White "Gelman, Alexander"]
[Black "Lopez Ramirez, David Santiago"]
[Result "0-1"]
[WhiteElo "2403"]
[BlackElo "2175"]
[PlyCount "64"]
[EventDate "2025.03.11"]
[EventType "swiss (blitz)"]
[EventRounds "11"]
[EventCountry "USA"]
[SourceTitle "CB12_2025"]
[SourceDate "2025.03.19"]
[SourceVersion "1"]
[SourceVersionDate "2025.03.19"]
[SourceQuality "1"]

1. d4 Nf6 2. Nc3 d5 3. Bf4 c6 4. f3 Bf5 5. g4 Bg6 6. h4 h5 7. g5 Nfd7 8. e4 e6 9. Nge2 b5 10. exd5 exd5 11. Qd2 b4 12. Na4 Qa5 13. b3 Be7 14. Qe3 Qd8 15. 0-0-0 0-0 16. Bh3 Nb6 17. Nc5 N8d7 18. Bg3 Nxc5 19. dxc5 Nd7 20. Nd4 Bxc5 21. Qd2 Qa5 22. Kb1 Nb6 23. Nxc6 Qa3 24. Be5 Nc4 25. bxc4 dxc4 26. Bb2 Qa4 27. Qd5 Bxc2+ 28. Ka1 b3 29. a3 Bxa3 30. Qa5 Bxb2+ 31. Kxb2 Qxc6 32. Rd5 c3+ 0-1

[Event "Titled Tuesday intern op 11th Mar Early"]
[Site "Chess.com INT"]
[Date "2025.03.11"]
[Round "1"]
[White "Hayrapetyan, Edgar"]
[Black "Lopez Ramirez, David Santiago"]
[Result "1-0"]
[WhiteElo "2137"]
[BlackElo "2175"]
[PlyCount "103"]
[EventDate "2025.03.11"]
[EventType "swiss (blitz)"]
[EventRounds "11"]
[EventCountry "USA"]
[SourceTitle "CB12_2025"]
[SourceDate "2025.03.19"]
[SourceVersion "1"]
[SourceVersionDate "2025.03.19"]
[SourceQuality "1"]

1. e4 c6 2. d4 d5 3. Nc3 dxe4 4. Nxe4 Nd7 5. Nf3 Ngf6 6. Neg5 e6 7. Bd3 Be7 8. 0-0 h6 9. Nxf7 Kxf7 10. Ne5+ Nxe5 11. dxe5 Nd5 12. Qh5+ Kg8 13. Rd1 Bg5 14. f4 Be7 15. Kh1 Qf8 16. c4 Nb4 17. Bg6 c5 18. Be3 Nc6 19. Rd3 Nb4 20. Rd2 Nc6 21. Rad1 b6 22. Be4 Bb7 23. Rd7 Rb8 24. Rxb7 Rxb7 25. Bxc6 Rb8 26. Bd7 Qf5 27. Qxf5 exf5 28. Be6+ Kf8 29. Bxf5 Rd8 30. Rd5 Kf7 31. g4 g6 32. Be4 h5 33. g5 h4 34. Kg2 h3+ 35. Kg3 a6 36. a4 Rhe8 37. Kxh3 Bd6 38. Kg3 Bc7 39. h4 a5 40. b3 Kg7 41. Kg4 Kf7 42. Rxd8 Rxd8 43. Bd5+ Kg7 44. h5 gxh5+ 45. Kxh5 Re8 46. Kg4 Kg6 47. f5+ Kg7 48. e6 Be5 49. Bf4 Bc3 50. Bc7 Rh8 51. f6+ Kg6 52. Be4# 1-0

[Event "Titled Tuesday intern op 11th Mar Early"]
[Site "Chess.com INT"]
[Date "2025.03.11"]
[Round "9"]
[White "Lopez Ramirez, David Santiago"]
[Black "Gurvich, Vitaly"]
[Result "0-1"]
[WhiteElo "2175"]
[BlackElo "2283"]
[PlyCount "124"]
[EventDate "2025.03.11"]
[EventType "swiss (blitz)"]
[EventRounds "11"]
[EventCountry "USA"]
[SourceTitle "CB12_2025"]
[SourceDate "2025.03.19"]
[SourceVersion "1"]
[SourceVersionDate "2025.03.19"]
[SourceQuality "1"]

1. e4 c6 2. d4 d5 3. exd5 cxd5 4. Bd3 Nc6 5. c3 Nf6 6. Bf4 Bg4 7. Qb3 Qd7 8. Nd2 e6 9. h3 Bh5 10. Ngf3 Bxf3 11. Nxf3 Bd6 12. Bd2 0-0 13. 0-0-0 Rab8 14. g4 b5 15. Kb1 Na5 16. Qc2 Nc4 17. g5 Ne4 18. Bxe4 dxe4 19. Qxe4 b4 20. cxb4 Bxb4 21. Bc1 Qa4 22. b3 Ba3 23. Qc2 Bxc1 24. Kxc1 Qa3+ 25. Kb1 Na5 26. Rd3 Rfc8 27. Qb2 Qb4 28. Qe2 Nc4 29. Rc1 Na3+ 30. Kb2 Rxc1 31. Kxc1 Rc8+ 32. Kb2 Rc2+ 33. Qxc2 Nxc2 34. Kxc2 Qb5 35. h4 f6 36. a4 Qd5 37. gxf6 gxf6 38. Re3 Kf7 39. Kc3 h5 40. Nd2 Qf5 41. Nf3 Qf4 42. Kd3 Qc7 43. b4 Qc1 44. a5 Qb1+ 45. Kc4 a6 46. Kc5 Qb2 47. Kc4 Qxf2 48. Rc3 Qe2+ 49. Kc5 Qb5+ 50. Kd6 Qxb4+ 51. Rc5 Qb3 52. Nd2 Qa3 53. Nc4 Qg3+ 54. Kc6 Qxh4 55. Nd6+ Kg6 56. d5 Qh1 57. Kb6 exd5 58. Kxa6 h4 59. Kb6 h3 60. a6 h2 61. a7 Qa1 62. Rb5 h1Q 0-1

[Event "Titled Tuesday intern op 11th Mar Early"]
[Site "Chess.com INT"]
[Date "2025.03.11"]
[Round "3"]
[White "Lopez Ramirez, David Santiago"]
[Black "Hamidov, Allahverdi"]
[Result "1-0"]
[WhiteElo "2175"]
[BlackElo "2223"]
[PlyCount "89"]
[EventDate "2025.03.11"]
[EventType "swiss (blitz)"]
[EventRounds "11"]
[EventCountry "USA"]
[SourceTitle "CB12_2025"]
[SourceDate "2025.03.19"]
[SourceVersion "1"]
[SourceVersionDate "2025.03.19"]
[SourceQuality "1"]

1. e4 c6 2. d4 d5 3. exd5 cxd5 4. Bd3 Nf6 5. c3 Bg4 6. Qb3 Qc7 7. h3 Bh5 8. Ne2 Bxe2 9. Bxe2 Nc6 10. Nd2 e6 11. Nf3 Bd6 12. 0-0 0-0 13. Bd3 Rab8 14. a4 a6 15. Re1 Rfc8 16. Bg5 Nd7 17. Qc2 h6 18. Bd2 Nf6 19. Qc1 Na5 20. Bxh6 Bf8 21. Bf4 Bd6 22. Be5 Nd7 23. Qg5 Nxe5 24. dxe5 Bf8 25. Qh5 g6 26. Bxg6 fxg6 27. Qxg6+ Qg7 28. Qxe6+ Qf7 29. Qg4+ Bg7 30. e6 Qe7 31. Nh4 Rc4 32. Nf5 Qf6 33. f4 Rc6 34. e7 Re8 35. Rad1 Qf7 36. Nxg7 Qxg7 37. Qd7 Qf7 38. Rxd5 Nc4 39. Rg5+ Rg6 40. Rxg6+ Qxg6 41. Re6 Qf7 42. f5 Kg7 43. Rg6+ Kh7 44. Qd4 Qxf5 45. Qg7# 1-0

[Event "Titled Tuesday intern op 11th Mar Early"]
[Site "Chess.com INT"]
[Date "2025.03.11"]
[Round "7"]
[White "Lopez Ramirez, David Santiago"]
[Black "Szpar, Milosz"]
[Result "0-1"]
[WhiteElo "2175"]
[BlackElo "2449"]
[PlyCount "32"]
[EventDate "2025.03.11"]
[EventType "swiss (blitz)"]
[EventRounds "11"]
[EventCountry "USA"]
[SourceTitle "CB12_2025"]
[SourceDate "2025.03.19"]
[SourceVersion "1"]
[SourceVersionDate "2025.03.19"]
[SourceQuality "1"]

1. e4 e6 2. d4 d5 3. exd5 exd5 4. Bd3 c5 5. c3 Nc6 6. Ne2 Nf6 7. 0-0 Be7 8. dxc5 Bxc5 9. Nd2 h6 10. Nb3 Bb6 11. Ned4 0-0 12. h3 Ne4 13. Be3 Re8 14. Nxc6 bxc6 15. Bxe4 Rxe4 16. Nc5 Rxe3 0-1

[Event "Titled Tuesday intern op 11th Mar Early"]
[Site "Chess.com INT"]
[Date "2025.03.11"]
[Round "8"]
[White "Otero Marino, Alain"]
[Black "Lopez Ramirez, David Santiago"]
[Result "0-1"]
[WhiteElo "2270"]
[BlackElo "2175"]
[PlyCount "128"]
[EventDate "2025.03.11"]
[EventType "swiss (blitz)"]
[EventRounds "11"]
[EventCountry "USA"]
[SourceTitle "CB12_2025"]
[SourceDate "2025.03.19"]
[SourceVersion "1"]
[SourceVersionDate "2025.03.19"]
[SourceQuality "1"]

1. e4 c6 2. d4 d5 3. Nc3 dxe4 4. Nxe4 Nd7 5. Nf3 Ngf6 6. Nxf6+ Nxf6 7. Ne5 Be6 8. c3 g6 9. Bd3 Bg7 10. Qe2 0-0 11. 0-0 Bd5 12. Bg5 Rc8 13. Rfe1 c5 14. dxc5 Rxc5 15. Rad1 Qc7 16. Bb1 Be6 17. Bc1 Rd8 18. Nd3 Rh5 19. Nf4 Rxd1 20. Rxd1 Re5 21. Nxe6 Rxe6 22. Qf3 Rd6 23. Re1 Qd7 24. g3 Re6 25. Rxe6 Qxe6 26. Be3 b6 27. Qa8+ Bf8 28. Bd3 Qd7 29. a4 Qxd3 30. Qxa7 Qb1+ 31. Kg2 Qe4+ 32. Kg1 Qb1+ 33. Kg2 Qxb2 34. Bxb6 Qxc3 35. a5 Qc6+ 36. Kg1 Nd5 37. Qb8 Kg7 38. Bd4+ f6 39. Qa7 Nb4 40. Bb6 Kg8 41. Qb8 Qc1+ 42. Kg2 Qc6+ 43. Kg1 Qa4 44. Qc8 Qd1+ 45. Kg2 Qd5+ 46. Kg1 Kf7 47. Be3 Qxa5 48. Qc4+ Nd5 49. Bc5 e6 50. Bd4 Qc7 51. Qb5 Bd6 52. Qf1 Bc5 53. Bb2 Bb6 54. Qb5 Qa7 55. Qe2 Qa2 56. Kg2 Qb3 57. Ba1 h5 58. Qa6 Qc2 59. Qb7+ Qc7 60. Qa6 Qa7 61. Qf1 Bxf2 62. Kh3 Qe3 63. Qb5 Nf4+ 64. Kh4 g5+ 0-1

[Event "Titled Tuesday intern op 14th Jan Early"]
[Site "Chess.com INT"]
[Date "2025.01.14"]
[Round "9"]
[White "Lopez Ramirez, David Santiago"]
[Black "Bustelo, Tabare"]
[Result "1-0"]
[WhiteElo "2175"]
[BlackElo "2046"]
[PlyCount "143"]
[EventDate "2025.01.14"]
[EventType "swiss (blitz)"]
[EventRounds "11"]
[EventCountry "USA"]
[SourceTitle "CB04_2025"]
[SourceDate "2025.01.22"]
[SourceVersion "1"]
[SourceVersionDate "2025.01.22"]
[SourceQuality "1"]

1. d4 Nc6 2. c4 e5 3. d5 Nce7 4. e4 Ng6 5. Be3 Nf6 6. Nc3 Bb4 7. Bd3 Bxc3+ 8. bxc3 d6 9. c5 0-0 10. h3 Qe7 11. cxd6 cxd6 12. Nf3 Bd7 13. Rb1 b6 14. Ba6 Bc8 15. Bd3 Bb7 16. 0-0 Rac8 17. c4 Rc7 18. a4 Nh5 19. a5 bxa5 20. Bxa7 Nhf4 21. Bb6 Rcc8 22. Bxa5 Nxd3 23. Qxd3 Ba6 24. Rfc1 Nf4 25. Qf1 Qf6 26. Rb6 Ra8 27. Ne1 Bxc4 28. Rxc4 Rxa5 29. Nd3 Nxd3 30. Qxd3 Ra1+ 31. Rb1 Rfa8 32. Rcb4 h6 33. Qc3 Rxb1+ 34. Rxb1 Qf4 35. Qb4 Ra2 36. Qe1 Ra4 37. f3 Ra2 38. Rd1 Qg5 39. Qf1 Qe3+ 40. Kh1 Re2 41. Rc1 Kh7 42. Rb1 Qd2 43. Rd1 Qe3 44. Rb1 Rf2 45. Qg1 Qe2 46. Re1 Qd2 47. Rd1 Qe2 48. Re1 Qc2 49. Rc1 Qd2 50. Kh2 Rxf3 51. Qd1 Qf4+ 52. Kh1 Rf2 53. Qg4 Rf1+ 54. Rxf1 Qxf1+ 55. Kh2 Qf4+ 56. Qxf4 exf4 57. Kg1 Kg8 58. Kf1 Kf8 59. Kf2 Ke7 60. Kf3 g5 61. Kg4 Kf6 62. Kh5 Ke5 63. Kxh6 Kxe4 64. Kxg5 Kxd5 65. h4 Kc4 66. h5 d5 67. h6 d4 68. h7 d3 69. h8Q d2 70. Qa1 Kd3 71. Qd1 Ke3 72. Kf6 1-0

[Event "Titled Tuesday intern op 14th Jan Early"]
[Site "Chess.com INT"]
[Date "2025.01.14"]
[Round "6"]
[White "Lopez Ramirez, David Santiago"]
[Black "Tinmaz, Kerem"]
[Result "1-0"]
[WhiteElo "2175"]
[BlackElo "2015"]
[PlyCount "95"]
[EventDate "2025.01.14"]
[EventType "swiss (blitz)"]
[EventRounds "11"]
[EventCountry "USA"]
[SourceTitle "CB04_2025"]
[SourceDate "2025.01.22"]
[SourceVersion "1"]
[SourceVersionDate "2025.01.22"]
[SourceQuality "1"]

1. d4 d5 2. c4 c6 3. e3 Nf6 4. Nf3 Bf5 5. Bd3 Bxd3 6. Qxd3 e6 7. 0-0 Nbd7 8. Nc3 Be7 9. e4 dxe4 10. Nxe4 Nxe4 11. Qxe4 Nf6 12. Qe2 0-0 13. Bg5 h6 14. Bh4 Rc8 15. Rfd1 Qa5 16. a3 Rfd8 17. b4 Qf5 18. Qe5 g5 19. Bg3 Ne4 20. Qxf5 exf5 21. h3 f4 22. Bh2 f5 23. g3 fxg3 24. fxg3 Bf6 25. Kg2 Rd7 26. Bg1 Rcd8 27. Rd3 Kf7 28. Rad1 Rc8 29. Nd2 Re8 30. Nb3 b6 31. Kf3 Kg6 32. a4 h5 33. a5 g4+ 34. hxg4 hxg4+ 35. Kg2 Ng5 36. axb6 axb6 37. d5 Re2+ 38. Kf1 Rc2 39. Rc1 Rxc1+ 40. Nxc1 cxd5 41. Rxd5 Rc7 42. c5 Ne4 43. Nd3 bxc5 44. Nxc5 Nxg3+ 45. Kg2 Be7 46. Kxg3 Kg5 47. Ne6+ Kf6 48. Nxc7 1-0

[Event "Titled Tuesday intern op 14th Jan Early"]
[Site "Chess.com INT"]
[Date "2025.01.14"]
[Round "10"]
[White "Przybylski, Bartosz1"]
[Black "Lopez Ramirez, David Santiago"]
[Result "1-0"]
[WhiteElo "2090"]
[BlackElo "2175"]
[PlyCount "93"]
[EventDate "2025.01.14"]
[EventType "swiss (blitz)"]
[EventRounds "11"]
[EventCountry "USA"]
[SourceTitle "CB04_2025"]
[SourceDate "2025.01.22"]
[SourceVersion "1"]
[SourceVersionDate "2025.01.22"]
[SourceQuality "1"]

1. e4 c5 2. Nf3 e6 3. b3 d5 4. exd5 exd5 5. Bb2 Nf6 6. Bb5+ Bd7 7. Qe2+ Be7 8. 0-0 0-0 9. Bxd7 Qxd7 10. Ne5 Qc7 11. Re1 Re8 12. Ng4 Nbd7 13. Na3 a6 14. Qf3 d4 15. Nc4 Nxg4 16. Qxg4 Nf6 17. Qf3 b5 18. Ne5 Bd6 19. Ng4 Nxg4 20. Qxg4 Bxh2+ 21. Kh1 Be5 22. d3 Qd6 23. Bc1 Re6 24. Bd2 Rae8 25. Re4 g6 26. Qf3 Bg7 27. Rae1 Rxe4 28. Rxe4 Rxe4 29. Qxe4 Bf6 30. Bh6 Bg7 31. Bf4 Qe6 32. Qa8+ Bf8 33. Bh6 Qe7 34. Bxf8 Qxf8 35. Qxa6 Qh6+ 36. Kg1 Qc1+ 37. Kh2 Qxc2 38. Qxb5 Qxf2 39. Qe8+ Kg7 40. Qe5+ Kg8 41. a4 f6 42. Qb8+ Kg7 43. Qc7+ Kg8 44. Qd8+ Kg7 45. Qe7+ Kg8 46. Qe4 Qe1 47. Qxe1 1-0

[Event "Titled Tuesday intern op 07th Jan Early"]
[Site "Chess.com INT"]
[Date "2025.01.07"]
[Round "6"]
[White "Ginzburg, Yakov"]
[Black "Lopez Ramirez, David Santiago"]
[Result "1-0"]
[WhiteElo "2405"]
[BlackElo "2175"]
[PlyCount "65"]
[EventDate "2025.01.07"]
[EventType "swiss (blitz)"]
[EventRounds "11"]
[EventCountry "USA"]
[SourceTitle "CB03_2025"]
[SourceDate "2025.01.15"]
[SourceVersion "1"]
[SourceVersionDate "2025.01.15"]
[SourceQuality "1"]

1. e4 c5 2. Nf3 e6 3. b3 d5 4. exd5 exd5 5. Bb5+ Bd7 6. Qe2+ Qe7 7. Bxd7+ Nxd7 8. Qxe7+ Bxe7 9. 0-0 Ngf6 10. Re1 Kd8 11. Bb2 h6 12. Nc3 d4 13. Ne4 Re8 14. Nxf6 Bxf6 15. Rxe8+ Kxe8 16. Re1+ Kd8 17. b4 b6 18. c3 d3 19. Ba3 c4 20. b5 Rc8 21. Bd6 Nc5 22. Bxc5 Rxc5 23. a4 Kd7 24. Kf1 g5 25. Re4 Bg7 26. g4 a6 27. bxa6 h5 28. gxh5 f5 29. a7 Ra5 30. Rxc4 Rxa7 31. Nxg5 Bh6 32. Nf3 Ke6 33. Rc6+ 1-0

[Event "Titled Tuesday intern op 07th Jan Early"]
[Site "Chess.com INT"]
[Date "2025.01.07"]
[Round "7"]
[White "Lopez Ramirez, David Santiago"]
[Black "Khafizova, Diana"]
[Result "0-1"]
[WhiteElo "2175"]
[BlackElo "2107"]
[PlyCount "84"]
[EventDate "2025.01.07"]
[EventType "swiss (blitz)"]
[EventRounds "11"]
[EventCountry "USA"]
[SourceTitle "CB03_2025"]
[SourceDate "2025.01.15"]
[SourceVersion "1"]
[SourceVersionDate "2025.01.15"]
[SourceQuality "1"]

1. d4 d5 2. c4 dxc4 3. e3 e5 4. Bxc4 exd4 5. Nf3 Bb4+ 6. Bd2 Bxd2+ 7. Qxd2 Nf6 8. exd4 0-0 9. 0-0 c6 10. Nc3 Nbd7 11. d5 Nb6 12. Bb3 Nbxd5 13. Nxd5 Nxd5 14. Rad1 Be6 15. Ng5 Qf6 16. Nxe6 fxe6 17. Rde1 Rae8 18. Re4 Qg6 19. Rfe1 Kh8 20. g3 Rf6 21. Bc2 Qf7 22. Rh4 g6 23. Ra4 a6 24. Rae4 Rf8 25. f4 Re8 26. Qd4 Kg8 27. Re5 b6 28. Be4 c5 29. Qa4 Nc7 30. Bc6 Rd8 31. Qb3 b5 32. Qa3 c4 33. Qa5 Qe7 34. Qb6 Qd6 35. Qb7 Rf7 36. Bf3 Nd5 37. Rxd5 exd5 38. Re8+ Rxe8 39. Bxd5 Qc5+ 40. Kg2 Re2+ 41. Kh3 Qe7 42. Qxa6 Qd7+ 0-1

[Event "Titled Tuesday intern op 07th Jan Early"]
[Site "Chess.com INT"]
[Date "2025.01.07"]
[Round "1"]
[White "Lopez Ramirez, David Santiago"]
[Black "Taboas Rodriguez, Daniel"]
[Result "1-0"]
[WhiteElo "2175"]
[BlackElo "2335"]
[PlyCount "113"]
[EventDate "2025.01.07"]
[EventType "swiss (blitz)"]
[EventRounds "11"]
[EventCountry "USA"]
[SourceTitle "CB03_2025"]
[SourceDate "2025.01.15"]
[SourceVersion "1"]
[SourceVersionDate "2025.01.15"]
[SourceQuality "1"]

1. d4 Nf6 2. c4 g6 3. Nf3 Bg7 4. Nc3 0-0 5. h3 d6 6. e4 c5 7. d5 e6 8. Be2 exd5 9. exd5 Re8 10. 0-0 Bf5 11. Nh4 Bd7 12. Bf4 Qc7 13. Re1 Na6 14. Qd2 Rad8 15. a3 Ne4 16. Nxe4 Rxe4 17. Bd3 Ree8 18. Bg5 f6 19. Be3 Re7 20. Bxg6 hxg6 21. Nxg6 Ree8 22. Bh6 Bf5 23. Nh4 Bh7 24. Bxg7 Qxg7 25. Re3 Re5 26. Rae1 Rde8 27. Rg3 Rxe1+ 28. Kh2 R1e5 29. Rxg7+ Kxg7 30. Nf3 Re4 31. b3 Nc7 32. Qa5 Na6 33. Qb5 R4e7 34. Nh4 Nb8 35. Qa5 b6 36. Qa4 a6 37. b4 Re4 38. bxc5 bxc5 39. f3 Re2 40. Qb3 Nd7 41. Qb7 R8e7 42. Qxa6 Ne5 43. Qxd6 Nxc4 44. Qxc5 Nd2 45. d6 Re8 46. d7 Rd8 47. Qc7 Rxd7 48. Qxd7+ Kh6 49. Qf7 Kg5 50. Qxh7 Nf1+ 51. Kg1 Ne3 52. f4+ Kxf4 53. Qh6+ Kg3 54. Nf5+ Nxf5 55. Qg6+ Kf4 56. Qg4+ Ke5 57. Qxe2+ 1-0

[Event "Titled Tuesday intern op 07th Jan Early"]
[Site "Chess.com INT"]
[Date "2025.01.07"]
[Round "4"]
[White "Lopez Ramirez, David Santiago"]
[Black "Tan, Ralph"]
[Result "1/2-1/2"]
[WhiteElo "2175"]
[BlackElo "2037"]
[PlyCount "200"]
[EventDate "2025.01.07"]
[EventType "swiss (blitz)"]
[EventRounds "11"]
[EventCountry "USA"]
[SourceTitle "CB03_2025"]
[SourceDate "2025.01.15"]
[SourceVersion "1"]
[SourceVersionDate "2025.01.15"]
[SourceQuality "1"]

1. d4 d5 2. c4 e6 3. Nf3 Be7 4. g3 Nf6 5. Bg2 0-0 6. 0-0 dxc4 7. a4 Bd7 8. Ne5 Bc6 9. Nxc6 Nxc6 10. Bxc6 bxc6 11. Qc2 Qxd4 12. Rd1 Qe4 13. Qxe4 Nxe4 14. Rd4 Nd6 15. Na3 Bf6 16. Rf4 c3 17. bxc3 Bxc3 18. Ra2 Rab8 19. Rc2 Be5 20. Rh4 Bf6 21. Rh5 Rb4 22. Rxc6 Rxa4 23. Rxc7 Nf5 24. e4 Rxe4 25. Kg2 a5 26. Nc4 a4 27. Nb6 Bd8 28. Rc6 g6 29. Rh3 Rb4 30. g4 Rxg4+ 31. Kf1 Bxb6 32. Rxb6 Rc8 33. Ba3 h5 34. Rd3 Rgc4 35. Rd7 g5 36. Rbb7 Rf4 37. Ra7 Ne3+ 38. Ke2 Nc2 39. Bd6 Rf5 40. Rxa4 Rd5 41. Raa7 Nd4+ 42. Ke1 Rf5 43. Rdc7 Rxc7 44. Rxc7 Nf3+ 45. Ke2 Kh7 46. Bf8 Kg6 47. Be7 h4 48. Rc8 Nd4+ 49. Ke3 Nb5 50. Ke2 Re5+ 51. Kf1 Rd5 52. Rg8+ Kf5 53. Rh8 f6 54. Rg8 Rd7 55. Bd8 Nd4 56. Rf8 Kg4 57. Rxf6 h3 58. Rf8 Nf3 59. Ke2 Rd2+ 60. Ke3 Rd1 61. Rxf3 Rxd8 62. Rg3+ Kh4 63. f3 Ra8 64. Rg4+ Kh5 65. Rg3 Ra3+ 66. Kf2 Ra2+ 67. Kg1 Kg6 68. Rxh3 Kf5 69. Rg3 e5 70. Kf1 Kf4 71. Kg1 Ra1+ 72. Kg2 Ra2+ 73. Kh3 Ra3 74. Rg4+ Kf5 75. Rg3 Re3 76. Kg2 Re2+ 77. Kh3 Rc2 78. Rg4 Rf2 79. Rg3 Kf6 80. Kg4 Rxh2 81. Rg1 Rh4+ 82. Kg3 Rf4 83. Re1 Kf5 84. Re3 Rd4 85. Re1 g4 86. fxg4+ Rxg4+ 87. Kf3 Rf4+ 88. Ke3 Re4+ 89. Kd2 Rxe1 90. Kxe1 Kf4 91. Kf2 Kg5 92. Kg3 Kf5 93. Kf3 e4+ 94. Ke3 Ke5 95. Ke2 Kd4 96. Kd2 e3+ 97. Ke2 Ke4 98. Ke1 Kf3 99. Kf1 e2+ 100. Ke1 Ke3 1/2-1/2

[Event "COL-chT sf"]
[Site "Medellin"]
[Date "2024.11.09"]
[Round "4.2"]
[White "Lopez Ramirez, David Santiago"]
[Black "Castro Lombana, Juan Pablo"]
[Result "1-0"]
[WhiteElo "2174"]
[BlackElo "1981"]
[PlyCount "90"]
[EventDate "2024.11.07"]
[EventType "team-swiss"]
[EventRounds "6"]
[EventCountry "COL"]
[SourceTitle "CB49_2024"]
[SourceDate "2024.12.04"]
[SourceVersion "1"]
[SourceVersionDate "2024.12.04"]
[SourceQuality "1"]
[WhiteTeam "Cundinamarca"]
[BlackTeam "Bogota"]
[WhiteTeamCountry "COL"]
[BlackTeamCountry "COL"]

1. e4 c5 2. Nf3 e6 3. d4 cxd4 4. Nxd4 Nf6 5. Nc3 Nc6 6. Be2 Bb4 7. 0-0 d5 8. exd5 Nxd5 9. Nxd5 exd5 10. Nxc6 bxc6 11. Qd4 Be7 12. Qxg7 Bf6 13. Qg3 Be6 14. Be3 Kd7 15. Bc5 Qc7 16. f4 Rhg8 17. Qd3 Kd8 18. c4 Bxb2 19. Rab1 Bf6 20. f5 Bd7 21. cxd5 cxd5 22. Qxd5 Rc8 23. Be3 Qc6 24. Qa5+ Ke8 25. Bf3 Qc2 26. Rfe1 Be7 27. Qxa7 Qxf5 28. Bb7 Rc2 29. Qa8+ Bc8 30. Be4 Rxa2 31. Qxa2 Qxe4 32. Bb6 Qc6 33. Bd4 Rg6 34. Rbc1 Qb7 35. Bc5 Be6 36. Qa4+ Kf8 37. Bxe7+ Qxe7 38. Qd4 Qg5 39. g3 Qh6 40. Qd8+ Kg7 41. Qd4+ Kf8 42. Rc7 Qh3 43. Qh8+ Rg8 44. Qe5 Rg6 45. Rd1 Ke8 1-0

[Event "COL-ch Blitz"]
[Site "Bucaramanga"]
[Date "2024.10.27"]
[Round "8.8"]
[White "Lopez Ramirez, David Santiago"]
[Black "Palencia Morales, Wilson Guillermo"]
[Result "0-1"]
[WhiteElo "2160"]
[BlackElo "2236"]
[PlyCount "101"]
[EventDate "2024.10.27"]
[EventType "swiss (blitz)"]
[EventRounds "11"]
[EventCountry "COL"]
[SourceTitle "CB44_2024"]
[Source "Chessbase"]
[SourceDate "2024.10.30"]
[SourceVersion "1"]
[SourceVersionDate "2024.10.30"]
[SourceQuality "1"]

1. g3 d5 2. Nf3 Nf6 3. Bg2 e6 4. 0-0 Be7 5. d3 0-0 6. Nbd2 Nc6 7. e4 dxe4 8. dxe4 e5 9. Nc4 Qxd1 10. Rxd1 Bg4 11. c3 Nxe4 12. Re1 Bxf3 13. Bxf3 Nd6 14. Nxe5 Nxe5 15. Rxe5 Bf6 16. Rc5 c6 17. Bf4 Rad8 18. a4 Rfe8 19. Rd1 Ne4 20. Rxd8 Bxd8 21. Re5 Rxe5 22. Bxe5 Nc5 23. Bd1 Nd3 24. Bd4 Nxb2 25. Bb3 b6 26. Kf1 c5 27. Be5 c4 28. Bc2 a6 29. Ke2 b5 30. axb5 axb5 31. Bd6 Bb6 32. f4 g6 33. Kf3 f5 34. g4 fxg4+ 35. Kxg4 Kf7 36. f5 Nd3 37. fxg6+ hxg6 38. h4 Ba5 39. h5 gxh5+ 40. Kxh5 Bxc3 41. Kg4 Ke6 42. Bf8 Kd5 43. Kf5 b4 44. Bd1 b3 45. Bf3+ Kd4 46. Bd1 Bb4 47. Bg7+ Kd5 48. Bf3+ Kc5 49. Bd1 Bd2 50. Bf8+ Kb5 51. Ke6 0-1

[Event "COL-ch Blitz"]
[Site "Bucaramanga"]
[Date "2024.10.27"]
[Round "10.10"]
[White "Lopez Ramirez, David Santiago"]
[Black "Suarez Pinto, Sergio Rafael"]
[Result "1/2-1/2"]
[WhiteElo "2160"]
[BlackElo "1885"]
[PlyCount "72"]
[EventDate "2024.10.27"]
[EventType "swiss (blitz)"]
[EventRounds "11"]
[EventCountry "COL"]
[SourceTitle "CB44_2024"]
[Source "Chessbase"]
[SourceDate "2024.10.30"]
[SourceVersion "1"]
[SourceVersionDate "2024.10.30"]
[SourceQuality "1"]

1. d4 Nf6 2. Nf3 d5 3. c4 c6 4. Nc3 e6 5. Bg5 Be7 6. e3 Nbd7 7. Qc2 0-0 8. a3 dxc4 9. Bxc4 Nd5 10. Bxe7 Qxe7 11. 0-0 Nxc3 12. Qxc3 b6 13. b4 Bb7 14. e4 c5 15. d5 exd5 16. exd5 Rac8 17. b5 Qf6 18. Qb3 Rcd8 19. Rfe1 Rfe8 20. Rad1 h6 21. h3 Ne5 22. Nxe5 Rxe5 23. a4 Qd6 24. Qc3 Rde8 25. Rxe5 Rxe5 26. Qg3 Kf8 27. Kh2 Ke7 28. f4 Re4 29. Re1 Rxe1 30. Qxe1+ Kd7 31. Qd2 g5 32. g3 gxf4 33. gxf4 Qf6 34. Kg2 Qd4 35. Qxd4 cxd4 36. Kf3 f5 1/2-1/2

[Event "COL-ch Blitz"]
[Site "Bucaramanga"]
[Date "2024.10.27"]
[Round "3.8"]
[White "Madrigal Montagutt, Anthony Steve"]
[Black "Lopez Ramirez, David Santiago"]
[Result "1-0"]
[WhiteElo "1832"]
[BlackElo "2160"]
[PlyCount "97"]
[EventDate "2024.10.27"]
[EventType "swiss (blitz)"]
[EventRounds "11"]
[EventCountry "COL"]
[SourceTitle "CB44_2024"]
[Source "Chessbase"]
[SourceDate "2024.10.30"]
[SourceVersion "1"]
[SourceVersionDate "2024.10.30"]
[SourceQuality "1"]

1. e4 c5 2. Nf3 Nc6 3. d4 cxd4 4. Nxd4 e6 5. Nc3 d6 6. Be3 Bd7 7. Be2 Be7 8. 0-0 Nf6 9. f3 0-0 10. Bf2 Rc8 11. Qd2 a6 12. a4 Ne5 13. Rad1 Nc4 14. Bxc4 Rxc4 15. b3 Rc8 16. Nce2 Re8 17. Rfe1 Bf8 18. c4 e5 19. Nc2 b5 20. axb5 axb5 21. Ne3 Be6 22. Rc1 bxc4 23. bxc4 Nd7 24. Nd5 Nc5 25. Qc3 Bxd5 26. exd5 g6 27. Ng3 f5 28. Rcd1 Bg7 29. Qd2 h5 30. h3 Kh7 31. Kh2 Bh6 32. Qc2 Bf4 33. Kg1 Qg5 34. Nf1 h4 35. Be3 e4 36. fxe4 Rxe4 37. Bxc5 Rxe1 38. Rxe1 Rxc5 39. Qd3 Qf6 40. Re6 Qb2 41. Re7+ Kg8 42. Re6 Be5 43. Rxg6+ Kf7 44. Qxf5+ Ke7 45. Re6+ Kd8 46. Qf8+ Kc7 47. Re7+ Kb6 48. Qb8+ Ka5 49. Ra7# 1-0